Completion Detection for Low-power Asynchronous Systems in Deep Sub-micron Technologies : dát. obhaj. 13.12.2012, č. ved. odb. 26-13-9
Salvato in:
| Autore principale: | |
|---|---|
| Altri autori: | |
| Natura: | Manoscritto Libro |
| Lingua: | inglese |
| Pubblicazione: |
Bratislava :
STU v Bratislave FEI,
2012
|
| Soggetti: | |
| Accesso online: | VAIS |
| Tags: |
Nessun Tag, puoi essere il primo ad aggiungerne!!
|
MARC
| LEADER | 00000ntm a22000003a 4500 | ||
|---|---|---|---|
| 001 | stu260750 | ||
| 005 | 20150617230216.1 | ||
| 008 | 130112s2012----xo------------------eng-d | ||
| 040 | |a STU |b slo | ||
| 041 | 0 | |a eng | |
| 044 | |a xo | ||
| 100 | 1 | |a Nagy, Lukáš, |d 1985- |4 aut |u E030 |U FEI Fakulta elektrotechniky a informatiky |T FEI Ústav elektroniky a fotoniky |X 12020 |U E030 |Y 549 |7 A000012020 | |
| 242 | 0 | 0 | |a Metodika detekcie ukončenia výpočtu v nízkopríkonových asynchrónnych systémoch v technológiách pod 100 nm |y slo |
| 245 | 1 | |a Completion Detection for Low-power Asynchronous Systems in Deep Sub-micron Technologies : |b dát. obhaj. 13.12.2012, č. ved. odb. 26-13-9 | |
| 260 | |a Bratislava : |b STU v Bratislave FEI, |c 2012 | ||
| 300 | |a 80 s |c AUTOREF. 2012, 29 s. | ||
| 650 | 7 | |a Microelectronics |2 estusub | |
| 700 | 1 | |a Stopjaková, Viera, |d 1968- |4 ths |u E030 |U FEI Fakulta elektrotechniky a informatiky |T FEI Ústav elektroniky a fotoniky |X 1939 |U E030 |Y 549 |7 A000001939 | |
| 856 | 4 | |a info a plný text |u http://is.stuba.sk/zp/portal_zp.pl?podrobnosti=64833 |3 VAIS | |
| 996 | |b 284ED01394 |c E*ZP-258 |l EE01 |s A |a 24 |w stu260750_0001 | ||